| 000 | 00423nam a2200145Ia 4500 | ||
|---|---|---|---|
| 008 | 240729s9999 xx 000 0 und d | ||
| 022 | _a2001-4562 | ||
| 245 | 0 | _aConfero: Essays on Education, Philosophy and Politics | |
| 260 | _aSweden | ||
| 260 | _bLinköping University Electronic Press | ||
| 650 | _aEducation | ||
| 856 | _uhttps://doaj.org/toc/ca4bbc4db5ec42c28397d013fada8ffa | ||
| 942 | _2ddc | ||
| 942 | _cDOAJEJ | ||
| 999 |
_c70161 _d70161 |
||
| 945 |
_a1 _bMadushi Gamage _c1 _dMadushi Gamage |
||